| 000 | 00671nam a2200265Ia 4500 | ||
|---|---|---|---|
| 005 | 20260121170620.0 | ||
| 008 | 008 260114s9999 xx 000 0 eng d | ||
| 020 | _a9783319787381 | ||
| 037 | _aEBOOK | ||
| 040 | _aCRL | ||
| 040 | _beng | ||
| 040 | _cCRL | ||
| 041 | _2eng | ||
| 041 | _aeng | ||
| 084 | _qCRL | ||
| 100 |
_aRegina Donlon _91066067 |
||
| 245 | 0 | _aGerman and Irish Immigrants in the Midwestern United States, 1850–1900 | |
| 260 | _bSpringer | ||
| 260 | _bSpringer | ||
| 260 | _c2018 | ||
| 856 | _uhttps://link.springer.com/openurl?genre=book&isbn=978-3-319-78738-1 | ||
| 942 | _cEBOOK | ||
| 999 |
_c1631797 _d1631797 |
||